[Event "AUT-chT 2324"]
[Site "Austria"]
[Date "2024.03.23"]
[Round "10.6"]
[White "Borhy, Marcell Boldizsar"]
[Black "Ciolek, Andreas"]
[Result "1/2-1/2"]
[WhiteElo "2370"]
[BlackElo "2224"]
[PlyCount "56"]
[EventDate "2023.11.22"]
[EventType "team-tourn"]
[EventRounds "11"]
[EventCountry "AUT"]
[SourceTitle "CB13_2024"]
[SourceDate "2024.03.27"]
[SourceVersion "1"]
[SourceVersionDate "2024.03.27"]
[SourceQuality "1"]
[WhiteTeam "Pinggau Friedberg"]
[BlackTeam "Schach ohne Grenzen"]
[WhiteTeamCountry "AUT"]
[BlackTeamCountry "AUT"]

1. Nf3 d5 2. g3 Nf6 3. Bg2 e6 4. 0-0 Be7 5. c4 0-0 6. d4 dxc4 7. Qc2 b6 8. Ne5 Qxd4 9. Bxa8 Qxe5 10. Bf3 Nd5 11. Qxc4 Ba6 12. Qa4 c5 13. Na3 Qc7 14. Rd1 Bf6 15. Rb1 Rd8 16. Bxd5 exd5 17. Rxd5 g5 18. Rxg5+ Kh8 19. Bf4 Qc6 20. Qxc6 Nxc6 21. Rf5 Kg7 22. Bg5 Bxg5 23. Rxg5+ Kf6 24. Rg4 Rd2 25. Rf4+ Kg6 26. Rg4+ Kf6 27. Rf4+ Kg6 28. Rg4+ Kf6 1/2-1/2

[Event "EU-Cup 38th"]
[Site "Durres"]
[Date "2023.10.04"]
[Round "4.3"]
[White "Can, Emre"]
[Black "Borhy, Marcell Boldizsar"]
[Result "1-0"]
[WhiteElo "2576"]
[BlackElo "2390"]
[PlyCount "63"]
[EventDate "2023.10.01"]
[EventType "team-swiss"]
[EventRounds "7"]
[EventCountry "ALB"]
[SourceTitle "EXT 2024"]
[Source "ChessBase"]
[SourceDate "2023.10.10"]
[SourceVersion "1"]
[SourceVersionDate "2023.10.10"]
[SourceQuality "1"]
[WhiteTeam "Gokturk"]
[BlackTeam "Dunajska Streda"]
[WhiteTeamCountry "TUR"]
[BlackTeamCountry "SVK"]

1. d4 d5 2. Nf3 Nf6 3. c4 e6 4. g3 Bb4+ 5. Bd2 Be7 6. Bg2 0-0 7. 0-0 Nbd7 8. Qc2 c6 9. Bf4 b6 10. Nbd2 Ba6 11. Rfe1 Nh5 12. Be3 Nhf6 13. Bg5 h6 14. Bxf6 Bxf6 15. e4 Bb7 16. cxd5 cxd5 17. e5 Be7 18. Bf1 Rc8 19. Qa4 a6 20. Bd3 b5 21. Qd1 Qb6 22. Nf1 b4 23. h4 a5 24. Rc1 Ba6 25. Bb1 f5 26. exf6 Bxf6 27. Rxc8 Rxc8 28. Ne3 Nf8 29. Ng4 Be7 30. Nfe5 h5 31. Nh6+ gxh6 32. Qxh5 1-0

[Event "EU-chT U18"]
[Site "Iasi"]
[Date "2023.07.26"]
[Round "3.1"]
[White "Borhy, Marcell Boldizsar"]
[Black "Serban, Cristian Stefan"]
[Result "1-0"]
[WhiteElo "2394"]
[BlackElo "2214"]
[PlyCount "95"]
[EventDate "2023.07.24"]
[EventType "team-swiss"]
[EventRounds "7"]
[EventCountry "ROU"]
[SourceTitle "CBM 215 Extra"]
[Source "ChessBase"]
[SourceDate "2023.09.30"]
[SourceVersion "1"]
[SourceVersionDate "2023.09.30"]
[SourceQuality "1"]
[WhiteTeam "Hungary U18"]
[BlackTeam "Romania Friends U18"]
[WhiteTeamCountry "HUN"]
[BlackTeamCountry "ROU"]

1. d4 Nf6 2. c4 e6 3. g3 d5 4. Bg2 dxc4 5. Nf3 c5 6. 0-0 Nc6 7. dxc5 Qxd1 8. Rxd1 Bxc5 9. Nbd2 c3 10. bxc3 0-0 11. Nb3 Be7 12. c4 Bd7 13. Bb2 Rfc8 14. Rac1 Be8 15. Nfd4 a5 16. Nxc6 Bxc6 17. Nd4 Bxg2 18. Kxg2 Ne4 19. Nb5 Rd8 20. Bd4 Nc5 21. Be3 Kf8 22. Rb1 Na4 23. Rd3 Bc5 24. Nc3 Rxd3 25. exd3 Nxc3 26. Bxc5+ Kg8 27. Rxb7 Nxa2 28. Kf3 h5 29. Ke3 e5 30. Kd2 Rd8 31. Be7 Rd4 32. Bc5 Rd8 33. Be7 Rd4 34. Rb8+ Kh7 35. Bc5 Rd7 36. Rb2 Nb4 37. Bxb4 axb4 38. Rxb4 e4 39. Rb3 Kg6 40. Kc2 Rd4 41. c5 Kf5 42. dxe4+ Kxe4 43. Rc3 Ra4 44. Kb3 Ra8 45. Kc4 Ra4+ 46. Kb5 Ra8 47. c6 Kd4 48. Rc1 1-0

[Event "EU-chT U18"]
[Site "Iasi"]
[Date "2023.07.25"]
[Round "2.1"]
[White "Ohanyan, Emin"]
[Black "Borhy, Marcell Boldizsar"]
[Result "1/2-1/2"]
[WhiteElo "2489"]
[BlackElo "2394"]
[PlyCount "127"]
[EventDate "2023.07.24"]
[EventType "team-swiss"]
[EventRounds "7"]
[EventCountry "ROU"]
[SourceTitle "CBM 215 Extra"]
[Source "ChessBase"]
[SourceDate "2023.09.30"]
[SourceVersion "1"]
[SourceVersionDate "2023.09.30"]
[SourceQuality "1"]
[WhiteTeam "Armenia U18"]
[BlackTeam "Hungary U18"]
[WhiteTeamCountry "ARM"]
[BlackTeamCountry "HUN"]

1. e4 c5 2. Nf3 d6 3. d4 cxd4 4. Nxd4 Nf6 5. Nc3 a6 6. h3 e5 7. Nb3 Be7 8. g4 h6 9. Be3 Be6 10. Qf3 Nbd7 11. 0-0-0 Rc8 12. Nd5 Bxd5 13. exd5 e4 14. Qe2 Qc7 15. Bg2 0-0 16. Kb1 Ne5 17. Bd4 Nf3 18. Bc3 b5 19. a3 Rfe8 20. Bxf3 exf3 21. Qxf3 Nd7 22. Rhe1 Bh4 23. Rxe8+ Rxe8 24. Nd4 Bf6 25. Nc6 Bxc3 26. Qxc3 Nf6 27. Re1 Qd7 28. Nb4 a5 29. Nd3 Ra8 30. Qd4 Qb7 31. Nf4 Rc8 32. Qd3 g6 33. Qd4 Kg7 34. b3 Qc7 35. Qb2 Qc3 36. Qxc3 Rxc3 37. Nd3 Nxd5 38. Kb2 Rc8 39. Re4 Kf6 40. f4 Nb6 41. Kc1 Nd7 42. Kd2 Nc5 43. Nxc5 Rxc5 44. Kd3 g5 45. b4 axb4 46. axb4 Rd5+ 47. Ke2 gxf4 48. Rxf4+ Ke6 49. c4 bxc4 50. Rxc4 f5 51. Ke3 fxg4 52. Rxg4 Kd7 53. Rc4 Rh5 54. h4 Rb5 55. Kd3 Rf5 56. Kc3 Rf3+ 57. Kb2 h5 58. b5 Rf5 59. Rb4 Kc7 60. b6+ Kb7 61. Kc3 Ra5 62. Kd3 Rc5 63. Kd4 Ra5 64. Ke4 1/2-1/2

[Event "AUT-chT2M 2223"]
[Site "Austria"]
[Date "2023.03.05"]
[Round "9.6"]
[White "Borhy, Marcell Boldizsar"]
[Black "Wegerer, Fred"]
[Result "1/2-1/2"]
[WhiteElo "2400"]
[BlackElo "2098"]
[PlyCount "53"]
[EventDate "2022.09.30"]
[EventType "team-tourn"]
[EventRounds "11"]
[EventCountry "AUT"]
[SourceTitle "CBM 213 Extra"]
[Source "ChessBase"]
[SourceDate "2023.05.31"]
[SourceVersion "1"]
[SourceVersionDate "2023.05.31"]
[SourceQuality "1"]
[WhiteTeam "Pinggau Friedberg"]
[BlackTeam "Gleisdorf"]
[WhiteTeamCountry "AUT"]
[BlackTeamCountry "AUT"]

1. Nf3 Nf6 2. c4 b6 3. g3 Bb7 4. Bg2 g6 5. d4 Bg7 6. 0-0 0-0 7. Qc2 c5 8. d5 b5 9. e4 bxc4 10. Re1 e6 11. Bg5 h6 12. Bxf6 Qxf6 13. e5 Qd8 14. dxe6 dxe6 15. Nbd2 Bd5 16. Nxc4 Nc6 17. Qc3 Rb8 18. Rad1 Qc7 19. Nfd2 Rfd8 20. f4 Nd4 21. b3 Bxg2 22. Kxg2 Qb7+ 23. Kf2 Qb4 24. Ne4 Nb5 25. Qc1 Rd4 26. Re3 Rxd1 27. Qxd1 1/2-1/2

[Event "SVK-chT1W 2223"]
[Site "Slovakia"]
[Date "2023.02.04"]
[Round "8.3"]
[White "Borhy, Marcell Boldizsar"]
[Black "Zetocha, Claudiu"]
[Result "1-0"]
[WhiteElo "2407"]
[BlackElo "2280"]
[PlyCount "85"]
[EventDate "2022.10.15"]
[EventType "team-tourn"]
[EventRounds "11"]
[EventCountry "SVK"]
[SourceTitle "EXT 2024"]
[Source "ChessBase"]
[SourceDate "2023.10.10"]
[SourceVersion "1"]
[SourceVersionDate "2023.10.10"]
[SourceQuality "1"]
[WhiteTeam "Gabcikovo MSK"]
[BlackTeam "Bratislava Slovan II"]
[WhiteTeamCountry "SVK"]
[BlackTeamCountry "SVK"]

1. d4 Nf6 2. c4 e6 3. g3 c5 4. Nf3 cxd4 5. Nxd4 a6 6. Bg2 Be7 7. 0-0 0-0 8. Nc3 d6 9. b3 Re8 10. Bb2 Nbd7 11. Rc1 Ne5 12. Qd2 Qc7 13. Rfd1 Bd7 14. Nc2 Bc6 15. e4 b6 16. Nd4 Bb7 17. f4 Ng6 18. f5 Nf8 19. Re1 Ng4 20. h3 Ne5 21. Nce2 Bf6 22. Nf4 g6 23. Rf1 Qe7 24. Ba3 Rad8 25. Rcd1 Ned7 26. Nc6 Bxc6 27. Bxd6 Nc5 28. Nd5 Rxd6 29. Nxe7+ Bxe7 30. Qc2 e5 31. Rxd6 Bxd6 32. b4 Nb7 33. fxg6 hxg6 34. Qf2 Re7 35. Qxb6 Be8 36. c5 Nd7 37. Qxb7 Nxc5 38. Qd5 Nb7 39. Rf6 Bxb4 40. Rxg6+ Kf8 41. Rxa6 Bc5+ 42. Kh2 Rd7 43. Qb3 1-0

[Event "SVK-chT 2223"]
[Site "Slovakia"]
[Date "2023.01.21"]
[Round "5.5"]
[White "Mikrut, Dariusz"]
[Black "Borhy, Marcell Boldizsar"]
[Result "1/2-1/2"]
[WhiteElo "2316"]
[BlackElo "2400"]
[PlyCount "47"]
[EventDate "2022.10.22"]
[EventType "team-tourn"]
[EventRounds "11"]
[EventCountry "SVK"]
[SourceTitle "EXT 2024"]
[Source "ChessBase"]
[SourceDate "2023.10.10"]
[SourceVersion "1"]
[SourceVersionDate "2023.10.10"]
[SourceQuality "1"]
[WhiteTeam "Liptov Chess School"]
[BlackTeam "Dunajska Streda"]
[WhiteTeamCountry "SVK"]
[BlackTeamCountry "SVK"]

1. d4 d5 2. c4 e6 3. Nf3 Nf6 4. Bg5 Bb4+ 5. Nc3 dxc4 6. Qa4+ Nc6 7. e3 Qd5 8. Bxf6 gxf6 9. Nd2 Bxc3 10. bxc3 b5 11. Qc2 a6 12. Be2 Bb7 13. Bf3 Qd8 14. Rb1 Rb8 15. Nxc4 Nxd4 16. cxd4 Bxf3 17. gxf3 bxc4 18. Rxb8 Qxb8 19. Ke2 Kd7 20. Rb1 Qa8 21. Qxc4 Qc6 22. Qxc6+ Kxc6 23. Rc1+ Kd6 24. Rc5 1/2-1/2

[Event "Budapest Kallai Memorial Blitz"]
[Site "Budapest"]
[Date "2022.12.01"]
[Round "1"]
[White "Gaal, Zsoka"]
[Black "Borhy, Marcell Boldizsar"]
[Result "0-1"]
[WhiteElo "2278"]
[BlackElo "2410"]
[PlyCount "86"]
[EventDate "2022.12.01"]
[EventType "tourn (blitz)"]
[EventRounds "9"]
[EventCountry "HUN"]
[EventCategory "11"]
[SourceTitle "CBM 211 Extra"]
[Source "ChessBase"]
[SourceDate "2023.01.31"]
[SourceVersion "1"]
[SourceVersionDate "2023.01.31"]
[SourceQuality "1"]

1. Nf3 d5 2. g3 Nd7 3. d4 b5 4. Bg2 Bb7 5. 0-0 e6 6. a4 b4 7. c4 c5 8. Nbd2 Ngf6 9. a5 dxc4 10. Nxc4 cxd4 11. Bf4 Nc5 12. Qxd4 Bd5 13. Ncd2 Ncd7 14. e4 Bc5 15. Qd3 Bc6 16. Rfc1 0-0 17. Be3 Bxe3 18. Qxe3 Rc8 19. Qxa7 Nxe4 20. Rxc6 Nxd2 21. Nxd2 Rxc6 22. Bxc6 Ne5 23. Qc5 Nxc6 24. Qxc6 Qxd2 25. a6 Qxb2 26. Qa4 h5 27. a7 Ra8 28. Kg2 Qd4 29. Qa6 Qd5+ 30. Kg1 b3 31. Qb6 h4 32. gxh4 Kh7 33. Rb1 Qd7 34. Ra1 Qd5 35. Qb4 Qd7 36. Qb8 b2 37. Qxb2 Rxa7 38. Qc2+ g6 39. Rd1 Qb5 40. Qc3 Rd7 41. Ra1 Qh5 42. Qg3 Rd4 43. Ra8 Rg4 0-1

[Event "Budapest Kallai Memorial Rapid"]
[Site "Budapest"]
[Date "2022.11.29"]
[Round "6"]
[White "Berkes, Ferenc"]
[Black "Borhy, Marcell Boldizsar"]
[Result "1/2-1/2"]
[WhiteElo "2645"]
[BlackElo "2410"]
[PlyCount "91"]
[EventDate "2022.11.28"]
[EventType "tourn (rapid)"]
[EventRounds "9"]
[EventCountry "HUN"]
[EventCategory "11"]
[SourceTitle "CBM 211 Extra"]
[Source "ChessBase"]
[SourceDate "2023.01.31"]
[SourceVersion "1"]
[SourceVersionDate "2023.01.31"]
[SourceQuality "1"]

1. d4 d5 2. c4 e6 3. Nc3 Bb4 4. e3 Nf6 5. a3 Bxc3+ 6. bxc3 c6 7. cxd5 cxd5 8. Bb5+ Bd7 9. Bd3 0-0 10. Ne2 Nc6 11. 0-0 e5 12. f3 Re8 13. Ng3 h5 14. Bb1 g6 15. Ra2 h4 16. Nh1 Na5 17. Nf2 e4 18. fxe4 dxe4 19. Rb2 Rc8 20. d5 Bf5 21. Ba2 Nc4 22. Rb4 Nb6 23. c4 a5 24. Rb1 Nxc4 25. Qd4 Ne5 26. Rxb7 h3 27. Bb2 hxg2 28. Kxg2 Rc2 29. d6 Nfg4 30. Rxf7 Be6 31. d7 Bxf7 32. Bxf7+ Kxf7 33. Kg3 Rxf2 34. Rxf2+ Nxf2 35. dxe8Q+ Qxe8 36. Kxf2 Nd3+ 37. Ke2 Nxb2 38. Qxb2 a4 39. Qb7+ Kf6 40. Qd5 Qb8 41. Qd4+ Kf5 42. Qd7+ Kf6 43. Qd4+ Kf5 44. Qd5+ Kf6 45. Qc6+ Kf5 46. Qd7+ 1/2-1/2

[Event "Budapest Kallai Memorial Rapid"]
[Site "Budapest"]
[Date "2022.11.28"]
[Round "3"]
[White "Borhy, Marcell Boldizsar"]
[Black "Kozak, Adam"]
[Result "1/2-1/2"]
[WhiteElo "2410"]
[BlackElo "2549"]
[PlyCount "72"]
[EventDate "2022.11.28"]
[EventType "tourn (rapid)"]
[EventRounds "9"]
[EventCountry "HUN"]
[EventCategory "11"]
[SourceTitle "CBM 211 Extra"]
[Source "ChessBase"]
[SourceDate "2023.01.31"]
[SourceVersion "1"]
[SourceVersionDate "2023.01.31"]
[SourceQuality "1"]

1. c4 Nf6 2. Nf3 e6 3. g3 d5 4. Bg2 dxc4 5. Qa4+ Bd7 6. Qxc4 c5 7. Ne5 Qc8 8. Qd3 Nc6 9. Nxd7 Nxd7 10. Nc3 Be7 11. b3 0-0 12. Bb2 Rd8 13. Rc1 Nf6 14. Qb1 Qd7 15. d3 Nd4 16. 0-0 Nd5 17. Rfe1 Rac8 18. e3 Nxc3 19. Bxc3 Nb5 20. Bb2 Bf6 21. Bxf6 gxf6 22. Red1 Qe7 23. a4 Nd6 24. d4 cxd4 25. Rxd4 Rxc1+ 26. Qxc1 b6 27. Qd2 f5 28. h4 f6 29. e4 fxe4 30. Bxe4 Nf7 31. Rxd8+ Qxd8 32. Qxd8+ Nxd8 33. Kf1 f5 34. Bd3 Nb7 35. Ke2 Nc5 36. Bc2 Kf7 1/2-1/2

[Event "SVK-chT1W 2223"]
[Site "Slovakia"]
[Date "2022.11.06"]
[Round "4.3"]
[White "Borhy, Marcell Boldizsar"]
[Black "Kukucka, Matej"]
[Result "1-0"]
[WhiteElo "2407"]
[BlackElo "2108"]
[PlyCount "66"]
[EventDate "2022.10.15"]
[EventType "team-tourn"]
[EventRounds "11"]
[EventCountry "SVK"]
[SourceTitle "EXT 2024"]
[Source "ChessBase"]
[SourceDate "2023.10.10"]
[SourceVersion "1"]
[SourceVersionDate "2023.10.10"]
[SourceQuality "1"]
[WhiteTeam "Gabcikovo MSK"]
[BlackTeam "Bratislava Lokomotiva"]
[WhiteTeamCountry "SVK"]
[BlackTeamCountry "SVK"]

1. c4 e6 2. Nf3 d5 3. d4 a6 4. cxd5 exd5 5. Nc3 c6 6. Qc2 Nf6 7. Bg5 h6 8. Bh4 Be6 9. e3 Bd6 10. Bd3 Nbd7 11. Bg3 Bxg3 12. hxg3 0-0 13. 0-0 Re8 14. Rad1 Rc8 15. Qb1 Qe7 16. Rfe1 Qd6 17. Nh4 Nb8 18. Nf5 Qc7 19. Rc1 h5 20. Nh4 Qd6 21. Nf3 Rcd8 22. b4 g6 23. a4 Rc8 24. Re2 Kg7 25. b5 axb5 26. axb5 c5 27. dxc5 Qxc5 28. Qb2 Kg8 29. Rec2 Qe7 30. Nd4 Ng4 31. Nxd5 Bxd5 32. Rxc8 Rxc8 33. Rxc8+ Kg7 1-0